| 000 | 00992nam a22002417a 4500 | ||
|---|---|---|---|
| 001 | 81226 | ||
| 003 | BD-RjUL | ||
| 005 | 20231113102841.0 | ||
| 008 | 230214s2015 bg a|||| m||| 00| 0 eng d | ||
| 035 | _a(BD-RjUL)81226 | ||
| 040 |
_aBD-RjUL _beng _cBD-RjUL _dBD-RjUL |
||
| 041 | _aeng | ||
| 082 |
_223 _a595.75492 _bFEA 2015 |
||
| 100 |
_aKhalid-Bin-Ferdaus, Md. Khandaker _96983 |
||
| 245 | 1 | 0 |
_aAnalysis of anticoagulant proteins from some haematophagous insects of Bangladesh / _cSubmitted By Khandaker Md. Khalid-Bin-Ferdaus ; _6Supervisor : Md. Abu Reza |
| 260 |
_aRajshahi : _bDepartment of Genetic Engineering & Biotechnology, University of Rajshahi, _c2015 |
||
| 300 |
_a[11], 70 leaves : _bill, ; _c29.cm. |
||
| 502 | _aThesis (M.Phil.) -- Department of Genetic Engineering & Biotechnology, University of Rajshahi, 2015 | ||
| 504 | _aReferences : Leaves 63 -70 | ||
| 650 |
_aInsects _vArthropoda _zBangladesh _96984 |
||
| 700 |
_aReza, Md. Abu, Supervisor _96985 |
||
| 942 |
_2ddc _cTHE |
||
| 999 |
_c81226 _d81226 |
||